LIBRARY & INFORMATION CENTRE, KCAET, TAVANUR

ONLINE PUBLIC ACCESS CATALOGUE (OPAC)

Unity and Diversity of life / (Record no. 1029)

MARC details
000 -LEADER
fixed length control field 00465cam a2200169ua 4500
041 ## - LANGUAGE CODE
Language code of text/sound track or separate title eng
082 ## - DEWEY DECIMAL CLASSIFICATION NUMBER
Classification number 825
Item number HAL/UN
100 ## - MAIN ENTRY--AUTHOR NAME
Personal name Haldane, J.B.S .
245 ## - TITLE STATEMENT
Title Unity and Diversity of life /
260 ## - PUBLICATION, DISTRIBUTION, ETC. (IMPRINT)
Place of publication :
Name of publisher The Publication Division Ministry of information and broad casting Govt.of India ,
Year of publication 1958.
300 ## - PHYSICAL DESCRIPTION
Number of Pages 81 ; .
942 ## - ADDED ENTRY ELEMENTS (KOHA)
Koha item type Books
Holdings
Withdrawn status Lost status Damaged status Home library Current library Date acquired Full call number Accession Number Koha item type
Withdrawn     KAUAET Kelappaji 07/04/2012 825 2730 Books
free website counter